| 000 | 00976cab a2200277 4500 | ||
|---|---|---|---|
| 001 | ABS58960 | ||
| 008 | 090401t1998 xxu||||| |||| 00| 0 eng d | ||
| 035 | _a(Sirsi) u87044 | ||
| 041 | _aeng | ||
| 100 | _aIlbery, B. | ||
| 245 | _aFarm-based Tourism as an Alternative Farm Enterprise: A case study from the northern Pennines, England | ||
| 260 | _c1998 | ||
| 350 | _a0 | ||
| 490 |
_aRegional Studies _v32(4) June 1998, 355-364(10) |
||
| 520 | _aExamines the development of farm-based tourism (FBT) in the context of alternative farm enterprises (AFEs), using a case study from the northern Pennines. Considers the relationship between institutions and the development of AFEs. | ||
| 650 | _aALTERNATIVE FARM ENTERPRISE | ||
| 650 | _aFARM TOURISM | ||
| 650 | _aFARMERS | ||
| 650 | _aINSTITUTIONS | ||
| 650 | _aPOST-PRODUCTIVIST TRANSITION | ||
| 690 | _aRURAL PRACTICE | ||
| 700 | _aClark, G. | ||
| 700 | _aBowler, I. | ||
| 942 | _n0 | ||
| 948 | _c25/06/1998 | ||
| 999 |
_c54842 _d54842 |
||